01975nam a2200217 i 4500003000900000005001700009007000300026008004100029020001500070020002600085040003000111082001400141100003900155245004100194264005400235300002900289336002700318337003400345338002800379520135000407DO-SdBNP20240904135829.0ta240904s1997 xxu 000 j spa d a0060275103 a0060275111 (lib. bdg) aDO-SdBNPbspacBNPHUerda bL665e2221 aLevine, Gail Carsond1947-eautora10aElla enchanted /cGail Carson Levine 1aNew York, Estados Unidos :bHarper Trophy,c1997. a238 páginas, c20 cm. 2rdacontentatextobtxt 2rdamediaasin mediación bn 2rdacarrieravolumenbnc aCuando Ella era apenas un bebé, el hada Lucinda le otorgó el don de la obediencia. El "don" es, de hecho, una terrible maldición que obliga a Ella a obedecer a cualquiera que le dé una orden. Cuando Ella tenía unos catorce años, su madre muere. Su cocinera, Mandy, se revela como su hada madrina. Mandy le da dos regalos: un collar de su madre y un libro mágico. En el funeral de su madre, Ella conoce al príncipe del reino, Char, quien la consuela. En el velorio, le presentan a Dame Olga y a sus terribles hijas, Hattie y la analfabeta Olive, pero en ese momento, no siente que este encuentro tenga un significado especial. Su padre, Peter, decide enviarla a terminar la escuela con las dos hermanas malas. Antes de irse, visita sus lugares favoritos, donde se encuentra nuevamente con Char y se unen. En la escuela, Hattie finalmente descubre que Ella hace todo lo que le dicen y usa esto para su propio beneficio. Ella toma el collar de la madre de Ella, luego la priva de comida y le ordena que termine su amistad con su mejor amiga Areida. Ella no puede soportar esto y se dispone a encontrar a Lucinda para poder revertir el hechizo. En su libro de magia, vio que su padre está a punto de asistir a la boda de un gigante y supone que Lucinda, a quien le gusta venir sin ser invitada a las bodas, podría estar allí.